|
|
|
|
| LEADER |
00000nam0a2200000 4500 |
| 001 |
200881 |
| 005 |
20231101225003.0 |
| 010 |
|
|
|a 9785955801100
|
| 035 |
|
|
|a (RuTPU)RU\TPU\book\218970
|
| 035 |
|
|
|a RU\TPU\book\173293
|
| 090 |
|
|
|a 200881
|
| 100 |
|
|
|a 20090514d2011 m y0rusy50 ca
|
| 101 |
0 |
|
|a rus
|
| 102 |
|
|
|a RU
|
| 105 |
|
|
|a a j 001zy
|
| 200 |
1 |
|
|a Экономика инноваций
|e учебник для вузов
|f под ред. В. Я. Горфинкеля
|
| 210 |
|
|
|a Москва
|c Вузовский учебник
|d 2011
|
| 215 |
|
|
|a 416 с.
|c ил.
|
| 225 |
1 |
|
|a Вузовский учебник
|
| 320 |
|
|
|a Библиогр.: с. 407-412.
|
| 320 |
|
|
|a Список терминов: с. 396-406.
|
| 330 |
|
|
|a Учебник по данной дисциплине создан и публикуется впервые. В нем показано взаимодействие рыночной экономики и инноваций, рассмотрены инновационное предпринимательство, организационные структуры управления инновационной деятельностью, изложена роль маркетинга в осуществлении инноваций. Раскрыто содержание инновационной логистики, конкурентоспособности инновационной продукции. Приведены сущность и механизм компьютерных информационных технологий в инновационном менеджменте, показана роль технического регулирования. Раскрыта сущность рисков и способы их предупреждения при осуществлении инноваций, изложены методические подходы к разработке инновационных проектов. Показана взаимосвязь экономических и социальных показателей инновационной деятельности, раскрыт порядок финансирования инноваций, оценки их экономической эффективности.
|
| 451 |
|
1 |
|0 (RuTPU)RU\TPU\book\173293
|y 978-5-9558-0110-0
|t Экономика инноваций
|o учебник для вузов
|f под ред. В. Я. Горфинкеля
|c М.
|n Вузовский учебник
|d 2009
|p 416 с.
|s Вузовский учебник
|
| 606 |
1 |
|
|a Инновации
|2 stltpush
|3 (RuTPU)RU\TPU\subj\67423
|9 83236
|
| 610 |
1 |
|
|a инновационная деятельность
|
| 610 |
1 |
|
|a экономика
|
| 610 |
1 |
|
|a инновационная экономика
|
| 610 |
1 |
|
|a экономические трансформации
|
| 610 |
1 |
|
|a 20 век
|
| 610 |
1 |
|
|a 21 век
|
| 610 |
1 |
|
|a глобализация
|
| 610 |
1 |
|
|a инновационное предпринимательство
|
| 610 |
1 |
|
|a инновационные организации
|
| 610 |
1 |
|
|a структура
|
| 610 |
1 |
|
|a маркетинг
|
| 610 |
1 |
|
|a инновационная продукция
|
| 610 |
1 |
|
|a инновационная логистика
|
| 610 |
1 |
|
|a конкурентоспособность
|
| 610 |
1 |
|
|a инновационный менеджмент
|
| 610 |
1 |
|
|a информационные технологии
|
| 610 |
1 |
|
|a техническое регулирование
|
| 610 |
1 |
|
|a инновационные риски
|
| 610 |
1 |
|
|a инновационные проекты
|
| 610 |
1 |
|
|a разработка
|
| 610 |
1 |
|
|a финансирование
|
| 610 |
1 |
|
|a экономическая эффективность
|
| 610 |
1 |
|
|a оценка
|
| 610 |
1 |
|
|a учебники
|
| 686 |
|
|
|a У9(2)0-551я73
|v LBC/SL-A
|2 rubbk
|
| 702 |
|
1 |
|a Горфинкель
|b В. Я.
|g Владимир Яковлевич
|4 340
|
| 801 |
|
1 |
|a RU
|b 63413507
|c 20110915
|
| 801 |
|
2 |
|a RU
|b 63413507
|c 20150619
|g RCR
|
| 900 |
|
|
|a Теория инноваций
|
| 900 |
|
|
|a Экономика и финансовое обеспечение инновационной деятельности
|
| 942 |
|
|
|c BK
|
| 951 |
|
|
|b 080100
|l 8.3
|
| 959 |
|
|
|a 78/20110915
|d 2
|e 259,90
|f ЧЗГЛ:1
|f АНЛ:1
|